|
|
|
|
| LEADER |
01011naa#a2200349#ar4500 |
| 001 |
000094591 |
| 003 |
SVKKK |
| 005 |
20090319140655.0 |
| 008 |
081027s2004 xo #|0||||||||0|||b|slo |
| FMT |
|
|
|
| 015 |
|
|
|a SNBRA2009/03
|
| 038 |
|
|
|a SVKKK
|
| 040 |
|
|
|a SVKKK
|b slo
|e AACR2
|
| 041 |
0 |
|
|a slo
|b slo
|b ger
|
| 044 |
|
|
|a xo
|c SK
|
| 080 |
|
|
|a 630*114
|2 1997
|
| 090 |
|
|
|a IV.201337
|
| 100 |
1 |
|
|a Žíhlavník, Štefan
|4 aut
|
| 245 |
1 |
0 |
|a Trigonometrické určovanie výšok pri polygonizácii v zalesnených územiach
|c Štefan Žíhlavník
|
| 300 |
|
|
|b Tab.
|
| 504 |
|
|
|a Bibliogr. odkazy
|
| 546 |
|
|
|a Res. nem., slov.
|
| 650 |
0 |
4 |
|a lesnícke mapovanie
|x geodetické body
|x polygónové ťahy
|
| 650 |
0 |
4 |
|a trigonometrické určenie nadmorských výšok
|
| 773 |
0 |
|
|t Acta facultatis forestalis Zvolen Slovakia. XLI - 1999
|d Zvolen : Technická univerzita, 1999
|g S. 281-293
|z 8022808725
|
| 958 |
|
|
|a NB
|
| 974 |
|
|
|a Čr
|
| 992 |
|
|
|a RZB
|
| BAS |
|
|
|
| 852 |
|
|
|a SVKKK
|b BIB
|
| EXP |
|
|
|
| 998 |
|
|
|a SLO
|